Catálogo

Comprender la comunicación : (Registro nro. 64488)

Detalles MARC
000 -LEADER
fixed length control field 01160cam a2200313 i 4500
001 - CONTROL NUMBER
control field 64488
003 - CONTROL NUMBER IDENTIFIER
control field Mx-PuUPA
005 - DATE AND TIME OF LATEST TRANSACTION
control field 20240410104106.0
008 - FIXED-LENGTH DATA ELEMENTS--GENERAL INFORMATION
fixed length control field 160411s2012 sp gr 000 0 spa d
020 ## - INTERNATIONAL STANDARD BOOK NUMBER
International Standard Book Number 9788449307560
040 ## - CATALOGING SOURCE
Original cataloging agency Mx-PuUPA
Language of cataloging spa
Description conventions rda
Transcribing agency Mx-PuUPA
Modifying agency Mx-PuUPA
041 1# - LANGUAGE CODE
Language code of text/sound track or separate title spa
Language code of original spa
100 1# - MAIN ENTRY--PERSONAL NAME
9 (RLIN) 12686
Personal name Serrano, Sebastià,
Dates associated with a name 1945-
Relator term autor
240 10 - UNIFORM TITLE
Uniform title Comprendre la comunicació.
Language of a work Español
245 10 - TITLE STATEMENT
Title Comprender la comunicación :
Remainder of title el libro del sexo, la poesía y la empresa /
Statement of responsibility, etc. Sebastiá Serrano ; de la traducción Javier Palacio Tauste
250 ## - EDITION STATEMENT
Edition statement Primera edición /
Remainder of edition statement febrero
264 #1 - PRODUCTION, PUBLICATION, DISTRIBUTION, MANUFACTURE, AND COPYRIGHT NOTICE
Place of production, publication, distribution, manufacture Barcelona, España :
Name of producer, publisher, distributor, manufacturer Espasa Libros,
-- Paidós,
Date of production, publication, distribution, manufacture, or copyright notice 2012
300 ## - PHYSICAL DESCRIPTION
Extent 404 páginas ;
Dimensions 21 cm
336 ## - CONTENT TYPE
Content type term texto
Content type code txt
Fuente rdacontent
337 ## - MEDIA TYPE
Source rdamedia
Media type term sin medio
Media type code n
338 ## - CARRIER TYPE
Source rdacarrier
Carrier type term volumen
Carrier type code nc
650 #7 - SUBJECT ADDED ENTRY--TOPICAL TERM
Source of heading or term armarc
Topical term or geographic name entry element Comunicación
General subdivision Historia
650 #7 - SUBJECT ADDED ENTRY--TOPICAL TERM
Source of heading or term armarc
Topical term or geographic name entry element Comunicación
General subdivision Aspectos sociales
700 1# - ADDED ENTRY--PERSONAL NAME
Personal name Palacio Tauste, Javier,
Relator term traductor
765 08 - ORIGINAL LANGUAGE ENTRY
Main entry heading Serrano, Sebastià,
Title Comprendre la comunicació.
942 ## - ADDED ENTRY ELEMENTS (KOHA)
Koha item type Libro
Source of classification or shelving scheme Dewey Decimal Classification
Classification part 302.209
Item part S485
Existencias
Withdrawn status Lost status Source of classification or shelving scheme Damaged status Not for loan Collection code Home library Current library Shelving location Date acquired Total Checkouts Full call number Barcode Date last seen Price effective from Koha item type
    Dewey Decimal Classification     General Tehuacán Tehuacán Sala general 03/06/2022   302.209 S485 2012 968000000806 08/01/2025 03/06/2022 Libro